000 00427nam a2200133 4500
999 _c11288
_d11288
008 181113b ||||| |||| 00| 0 eng d
082 _aDPer 050 T48 Apr-June 2016 v. 187, n. 12-24.
100 _aZorthian, Julia.
_937300
245 _aBurgled body parts/
_cJulia Zorthian.
260 _aHong Kong;
_bTime Asia,
_cc2016.
300 _av187 n13, page 7:
_billustrations;
_c27cm.
650 0 _932495
_aCelebrities.
942 _2ddc
_cPER